Les différentes parties d'un bateau - Statistiques

Statistiques générales
  • Ce quiz a été pris 80 fois
  • Le résultat moyen est 7 sur 15
Statistiques - réponses
Définition Nom % Correct
Côté gauche du bateau Babord
99%
Côté droit du bateau Tribord
92%
Partie avant du bateau Proue
85%
Dispositif du bateau qui sert à le diriger Gouvernail
81%
Corps du bateau Coque
77%
Partie arrière du bateau Poupe
69%
Espace de stockage intérieur du bateau Cale
68%
Plancher du bateau Pont
53%
Compartiment à l'intérieur du bateauqui sert pour les bagages Soute
35%
Voile située la plus à l'arrière d'un bateau à voile Grand-voile
23%
Couloir étroit qui sert de passage dans le bateau Coursive
20%
Pièce du bateau qui sert de réfectoire Carré
15%
Extrémité avant du bateau Nez
7%
Pièce du bateau qui sert de garde-manger Cambuse
5%
Partie surélevée qui donne de la hauteur à la cabine Rouf
1%
Aucun quiz correspondant
Distribution des résultats
% des personnes avec chaque résultat
Percentile par nombre de réponses
Votre historique - résultats
Vous n’avez pas pris ce quiz